Gaming Quiz

Random Gaming or Video Games Quiz
Score 0/51 Timer 11:00
0 Plays Today
Date Game % Correct
June 23, 1996Super Mario 64
98%
December 14, 1996Mario Kart 64
90.4%
November 21, 1998The Legend of Zelda: Ocarina of Time
88%
August 25, 1997GoldenEye 007
85.8%
April 27, 2000The Legend of Zelda: Majora's Mask
82.3%
January 21, 1999Super Smash Bros.
81.3%
June 29, 1998Banjo-Kazooie
78.4%
November 22, 1999Donkey Kong 64
77.8%
December 18, 1998Mario Party
76%
April 27, 1997Star Fox 64
71.7%
December 17, 1999Mario Party 2
70.6%
December 7, 2000Mario Party 3
70.4%
March 6, 2000Pokemon Stadium
69.9%
November 20, 2000Banjo-Tooie
68.8%
May 22, 2000Perfect Dark
63.2%
March 24, 1998Kirby 64: The Crystal Shards
61.9%
March 21, 1999Pokemon Snap
61.2%
November 14, 1997Diddy Kong Racing
60.1%
December 14, 2000Pokemon Stadium 2
57.7%
July 21, 2000Mario Tennis
55.1%
August 11, 2000Paper Mario
54.3%
June 11, 1999Mario Golf
50.1%
December 21, 1997Yoshi's Story
48.8%
September 27, 1996Wave Race 64
46.6%
July 14, 1998F-Zero X
44%
December 12, 1998Hey You, Pikachu!
39.7%
Date Game % Correct
June 23, 1996Pilotwings 64
39%
March 4, 1997Turok: Dinosaur Hunter
37%
February 28, 19981080 Snowboarding
34.9%
October 11, 1999Jet Force Gemini
32.5%
December 2, 1997Bomberman 64
32.2%
December 7, 1998Star Wars: Rogue Squadron
30.9%
December 3, 1996Star Wars: Shadows of the Empire
30.3%
February 29, 2000Tony Hawk's Pro Skater
30.1%
October 21, 1998Turok 2: Seeds of Evil
30.1%
October 12, 1999WWF WrestleMania 2000
29.6%
November 17, 2000WWF No Mercy
29.2%
August 11, 1998WWF War Zone
28.7%
April 27, 1998Kobe Bryant in NBA Courtside
26.8%
April 30, 1999Star Wars Episode 1: Racer
25.7%
September 9, 1998NFL Blitz
25.1%
October 24, 1997NFL Quarterback Club 98
25%
October 26, 1998WCW nWo Revenge
24.8%
July 18, 1998Mission: Impossible
24.8%
November 30, 1997WCW vs. nWo World Tour
24.2%
October 31, 1999007: The World is Not Enough
23.5%
April 30, 2000Excitebike 64
23.1%
December 3, 1996Cruis'n USA
22.9%
December 12, 1998South Park
16.3%
October 31, 1999Namco Museum 64
12.6%
July 31, 1998F-1 World Grand Prix
11.5%
Remove Ads.
Support Sporcle.
Get the best of Sporcle when you Go Orange. This ad-free experience offers more features, more stats, and more fun while also helping to support Sporcle. Thank you for becoming a member.

You're not logged in!

Compare scores with friends on all Sporcle quizzes.
OR
Log In

Sporcle TV

Today on Sporcle TV


Watch our educational content, quiz creation guides, and fun videos on Sporcle TV.

Show Comments

Extras

Top Quizzes Today


Score Distribution

Paid Content

Your Account Isn't Verified!

In order to create a playlist on Sporcle, you need to verify the email address you used during registration. Go to your Sporcle Settings to finish the process.

Report this User

Report this user for behavior that violates our Community Guidelines.

Details: